Top 30 biggest Youtube channels. - Statistics

General Stats
  • This quiz has been taken 17 times
  • The average score is 10 of 30
Answer Stats
Subscibers Youtubers % Correct
110M PewDiePie
86%
183M T-Series
71%
62.5M MrBeast
64%
112M Cocomelon
57%
63.5M Justin Bieber
57%
105M SET India
50%
74M Like Nastya
43%
77.4M WWE
43%
72.4M 5-Minute Crafts
36%
56.1M Dude Perfect
36%
78.9M Kids Diana Show
36%
48.3M Ariana Grande
29%
61.5M BLACKPINK
29%
73.2M Zee Music Company
29%
50.6M BANGTANTV
21%
52.5M Movieclips
21%
64.3M Canal KondZilla
21%
47.5M Ed Sheeran
21%
53.9M Goldmines Telefilms
21%
56.6M HYBE LABELS
21%
52.7M Marshmello
21%
48.5M Pinkfong
21%
68.2M Vlad and Niki
21%
57.8M Zee TV
21%
46.5M Aaj Tak
14%
48.6M ChuChu TV
14%
47.7M EminemMusic
14%
51.9M Shemaroo Filmi Gaane
14%
51.4M Sony SAB
14%
44.7M Wave Music
14%
No matching quizzes found
Score Distribution
Percent of People with Each Score
Percentile by Number Answered
Your Score History
You have not taken this quiz